Southville International School and Colleges
Your cart is empty.
  • Cart
  • Lists
    Public lists Eva Luna New books Lux_list list_1
    Your lists Log in to create your own lists
  • Log in to your account
  • Your cookies
  • Search history
Southville International School and Colleges
  • Advanced search
  • Recent comments
  • Most popular
  • Libraries

Log in to your account

Log in with GOOGLE


If you do not have an external account, but do have a local account, you can still log in:

  1. Home
  2. MARC view: Essential organic chemistry /
Normal view MARC view ISBD view

Essential organic chemistry / (Record no. 14009)

[ view plain ]
MARC details
000 -LEADER
fixed length control field 00473nam a22001697a 4500
003 - CONTROL NUMBER IDENTIFIER
control field OSt
005 - DATE AND TIME OF LATEST TRANSACTION
control field 20140310182520.0
008 - FIXED-LENGTH DATA ELEMENTS--GENERAL INFORMATION
fixed length control field 130810t xxu||||| |||| 00| 0 eng d
020 ## - INTERNATIONAL STANDARD BOOK NUMBER
International Standard Book Number 9810699948
050 ## - LIBRARY OF CONGRESS CALL NUMBER
Classification number QD 251.3
Item number .B892 2007
100 ## - MAIN ENTRY--PERSONAL NAME
Personal name Bruice, Paula Yurkanis
9 (RLIN) 9328
245 ## - TITLE STATEMENT
Title Essential organic chemistry /
Statement of responsibility, etc Paula Yurkanis Bruice.
260 ## - PUBLICATION, DISTRIBUTION, ETC. (IMPRINT)
Place of publication, distribution, etc Philippines :
Name of publisher, distributor, etc Pearson,
Date of publication, distribution, etc c2007.
300 ## - PHYSICAL DESCRIPTION
Extent 557 p. :
Other physical details ill. ;
Dimensions 26 cm.
942 ## - ADDED ENTRY ELEMENTS (KOHA)
Source of classification or shelving scheme Library of Congress Classification
Koha item type
Holdings
Withdrawn status Lost status Source of classification or shelving scheme Damaged status Home library Current library Shelving location Date acquired Total Checkouts Total Renewals Full call number Barcode Date last seen Date checked out Copy number Price effective from Koha item type
    Library of Congress Classification   South SEED-LPDH College Library South SEED-LPDH College Library South SEED-LPDH College Section 08/10/2013 3 23 QD 251.3 .B892 2007 SSLC0830 05/15/2018 07/01/2015 1 08/10/2013 Books

Essential organic chemistry /

APA

Bruice P. Y., . (2007). Essential organic chemistry. Philippines: Pearson.

Chicago

Bruice Paula Yurkanis, . 2007. Essential organic chemistry. Philippines: Pearson.

Harvard

Bruice P. Y., . (2007). Essential organic chemistry. Philippines: Pearson.

MLA

Bruice Paula Yurkanis, . Essential organic chemistry. Philippines: Pearson. 2007.

  • Place hold
  • Print
  • Cite
  • Add to your cart (remove)
  • Save record
    BIBTEX Dublin Core MARCXML MARC (non-Unicode/MARC-8) MARC (Unicode/UTF-8) MARC (Unicode/UTF-8, Standard) MODS (XML) RIS
  • More searches
    Search for this title in:
    Other Libraries (WorldCat) Other Databases (Google Scholar) Online Stores (Bookfinder.com) Open Library (openlibrary.org)

Exporting to Dublin Core...

SOUTHVILLE LIBRARY

Southville International School and Colleges Library

1281 Tropical Ave. Cor. Luxembourg St., BF Homes International, Las Pinas City

Tel. No. 8256374 / 252358 Loc. 117/146

Powered by Koha